| 000 | 00662nam a2200205 i 4500 | ||
|---|---|---|---|
| 001 | 105822 | ||
| 003 | ES-MaACL | ||
| 005 | 20251013210530.0 | ||
| 007 | t| | ||
| 008 | 060830s1946 fr ||||1| fre d | ||
| 080 | _a32(460)"1939/1975" | ||
| 100 | 1 |
_aAlba, Víctor. _919198 |
|
| 245 | 1 | 0 |
_aInsomnie espagnole / _cVíctor Alba ; préface de Jean Cassou. |
| 260 |
_aParis : _bSociété des éditions Fran-Tireur, _c[1946] |
||
| 300 |
_a215 p. ; _c19 cm. |
||
| 651 | 4 |
_aEspaña- _xPolítica y gobierno- _y1939-1975. _98445 |
|
| 700 | 0 |
_aCassou, Jean, _d1897-1986 _936378 |
|
| 852 |
_aES-MaACL _jAND-651 _z- Biblioteca Juan Andrade |
||
| 999 |
_c105822 _d105822 |
||